Ainsdale Investments Ltd v First Secretary of State and another (Record no. 117963)

MARC details
000 -LEADER
fixed length control field 01972cam a2200289 4500
001 - CONTROL NUMBER
control field ABS68229
008 - FIXED-LENGTH DATA ELEMENTS--GENERAL INFORMATION
fixed length control field 040907n2004 000 0 eng u
035 ## - SYSTEM CONTROL NUMBER
System control number (Sirsi) u127280
245 ## - TITLE STATEMENT
Title Ainsdale Investments Ltd v First Secretary of State and another
260 ## - PUBLICATION, DISTRIBUTION, ETC.
Date of publication, distribution, etc. 2004
490 ## - SERIES STATEMENT
Series statement Estates Gazette
Volume/sequential designation [2004] 35 EG 68-73(6)
520 ## - SUMMARY, ETC.
Summary, etc. [2004] EWHC 1010 (Admin), 14 May 2004. Claimant A was owner of property in Soho, London partly used for commercial purposes and partly used for residential. Second defendant Westminster City Council made a Compulsory Purchase Order (CPO) under the Housing Act 1985 s17 due to the poor state of the building which was confirmed by the first defendant S. A appealed on the grounds that s17 did not empower W to acquire commercial part of the building, the cpo had not been made as a last resort and there was no evidential basis concerning tenure problems of the residential part. A also claimed violation of its rights under the Convention for the Protection of Human Rights and Fundamental Freedoms First Protocol Art 1. The two residents living in the residential part of the property also claimed a violation under Art 8. Application dismissed. Inclusion of the commercial part of the property was authorised by s17 of the 1985 Act. Claims for violation of the Convention were dismissed.
590 ## - LOCAL NOTE (RLIN)
Local note ABS
590 ## - LOCAL NOTE (RLIN)
Local note ABS
650 ## - SUBJECT ADDED ENTRY--TOPICAL TERM
Topical term or geographic name entry element AINSDALE INVESTMENTS LTD V FIRST SECRETARY OF STATE AND ANOTHER
650 ## - SUBJECT ADDED ENTRY--TOPICAL TERM
Topical term or geographic name entry element COMPULSORY PURCHASE ORDERS
650 ## - SUBJECT ADDED ENTRY--TOPICAL TERM
Topical term or geographic name entry element HOUSING ACT 1985 S17
650 ## - SUBJECT ADDED ENTRY--TOPICAL TERM
Topical term or geographic name entry element MIXED-USE PROPERTY
650 ## - SUBJECT ADDED ENTRY--TOPICAL TERM
Topical term or geographic name entry element CONVENTION FOR THE PROTECTION OF HUMAN RIGHTS AND FUNDAMENTAL FREEDOMS ART 1
650 ## - SUBJECT ADDED ENTRY--TOPICAL TERM
Topical term or geographic name entry element CONVENTION FOR THE PROTECTION OF HUMAN RIGHTS AND FUNDAMENTAL FREEDOMS ART 8
650 ## - SUBJECT ADDED ENTRY--TOPICAL TERM
Topical term or geographic name entry element PROPERTY-COMMERCIAL PROPERTY
650 ## - SUBJECT ADDED ENTRY--TOPICAL TERM
Topical term or geographic name entry element RESIDENTIAL PROPERTY
9 (RLIN) 6266
650 ## - SUBJECT ADDED ENTRY--TOPICAL TERM
Topical term or geographic name entry element REPAIRS
650 ## - SUBJECT ADDED ENTRY--TOPICAL TERM
Topical term or geographic name entry element FLYING FREEHOLD
690 ## - LOCAL SUBJECT ADDED ENTRY--TOPICAL TERM (OCLC, RLIN)
Topical term or geographic name as entry element COMPULSORY PURCHASE AND COMPENSATION-CASE LAW
942 ## - ADDED ENTRY ELEMENTS (KOHA)
Suppress in OPAC 0
Holdings
Withdrawn status Lost status Source of classification or shelving scheme Damaged status Not for loan Home library Current library Shelving location Date acquired Total Checkouts Full call number Barcode Date last seen Copy number Price effective from Koha item type
    Dewey Decimal Classification     London London Journal article 07/09/2004   ABS68229 127280-1001 06/08/2019 1 06/08/2019 Law report